000 01771nam a2200325 c 4500
003 BLK
005 20241227112634.0
008 180411b bul|||||r ||||||| ||bul||
010 _aKNG00180742000
040 _aBLK
041 _aBUL
_cBUL
080 _aБългарска литература
_b821.163.2
_x(081.1)
_z821.163.2(081.1)
080 _aБългарска литература
_b821.163.2
_x-3
_z821.163.2-3
100 1 _aРайнов, Николай Иванов
_eпърви автор
_9364082
700 _aЙорданов, Александър
_d1952 -
_gБълг. политик, дипломат, литературен историк и критик, народен представител, председател на Народното събрание, евродепутат.
_qАлександров, Александър Йорданов
_9363706
139 _aРайнов, Николай Иванов
_bР 28
245 1 0 _aСъчинения
_bВ 5 т.
_cНиколай Иванов Райнов; състав. и ред. на том Александър Йорданов.
_nТ. 2
_pБелетристика
257 _aBGR
260 София
_bБълг. писател
_c1989 -
300 _c21 см
380 _aX
653 _aбелетристика
760 1 _aРайнов, Николай Иванов
_d1990
_h543 с.
_nПълното име на състав. е Александър Йорданов Александров. - 4 066 тир.
_tТ. 2 Белетристика
852 _aЦб 160613
856 4 _qpdf
_u
856 4 _qpdf
_u
942 _cKNG
_n0
_06
944 _aCR
_c02.09.2015
_lМартин Енчев
_k30575
944 _aED
_c13.09.2017
_lф /
_kСевдалина_Василева
999 _c172419
_d172419